LEADER 01227nam a2200277 i 4500 001 000000148745 003 CaOOAMICUS 005 20060314000000.0 008 060314s1992 it u000 u ita u 013 $a126063 020 $a88-215-2442-6 040 $aSeMil$bita 100 1 $aHume, George Basil,$c.$0(OLS)http://semarc/name/18090 240 10$aLight in the Lord :$bsome thoughts on priesthood.$0(OLS)http://semarc/title/217408 245 10$aDiaconi preti vescovi laici Operai del vangelo /$cBasil Hume. 260 $aCinisello Balsamo (Milano) :$bPaoline,$c1992. 300 $a160 p. ;$c21 cm. 490 0 $aVita quotidiana, vita cristiana 650 4$aMinistero ordinato - Meditazioni.$0(OLS)http://semarc/subject/29036 830 0$aVita quotidiana, vita cristiana.$0(OLS)http://semarc/title/13486 850 $aSeMil 852 $aSeMil$W1$xVenegono$y1$m3G III 155$j101102$B101102$CSeMilBibl$Z2$F110385 $81 961 $aOmaggio: Altro 996 $6020$a88-215-2442-6$9(OLS)http://semarc/number/137697 996 $6245$aDiaconi preti vescovi laici Operai del vangelo$9(OLS)http://semarc/title/217407 996 $6260$aCinisello Balsamo (Milano) :$bPaoline$9(OLS)http://semarc/publisher/31197 LEADER 00924nam a2200217 i 4500 001 000000016397 003 CaOOAMICUS 005 20220119162010.0 008 180830s1992 it u000 u ita u 040 $aSeMil$bita 245 10$aFiabe lapponi e dell'estremo Nord /$cA cura di Bruno Berni. 260 $aMilano :$bArnoldo Mondadori Editore,$ccopyr. 1992. 300 $a2 v. ;$c19 cm. 500 $aVolumi conservati in unica custodia. 700 1 $aBerni, Bruno.$0(OLS)http://semarc/name/7563 774 0 $t1: Fiabe svedesi e norvegesi.$z88-04-36378-9$gVolume1$w()153376 774 0 $t2: Fiabe danesi e lapponi.$z88-04-36492-0$gVolume2$w()153374 830 0$aOscar narrativa ;$v1257.$0(OLS)http://semarc/title/423001 996 $6245$aFiabe lapponi e dell'estremo Nord$9(OLS)http://semarc/title/21694 996 $6260$aMilano :$bArnoldo Mondadori Editore$9(OLS)http://semarc/publisher/30056